| 000 | 01270nam a2200337 c 4500 | ||
|---|---|---|---|
| 003 | BLK | ||
| 005 | 20250519135436.0 | ||
| 008 | 180408b bul|||||r ||||||| ||bul|| | ||
| 010 | _aKNG00075972000 | ||
| 020 |
_a978-954-330-087-7 _bиздат.: Унискорп |
||
| 040 | _aBLK | ||
| 041 |
_aBUL _cBUL |
||
| 080 |
_aНемска литература _b821.112.2 _x-312.4 _z821.112.2-312.4 |
||
| 100 | 1 |
_aДемпф, Петер _eпърви автор _959827 |
|
| 700 | 1 |
_aПенева, Ваня _eпрев. от нем. _9363385 |
|
| 139 |
_aДемпф, Петер _bД 40 |
||
| 245 | 1 | 0 |
_aТайната на Йеронимус Бош _bРоман _cПетер Демпф; прев. от нем. Ваня Пенева. |
| 257 | _aDEU | ||
| 260 |
_аСофия _bУнискорп _c2007 _fСофия : Унискорп |
||
| 300 |
_a368 с. _c21 см |
||
| 380 | _aX | ||
| 500 | _aОриг. загл. Das Geheimnis des Hieronimus Bosch / Peter Dempf. - Офс. изд. | ||
| 653 | _aтрилъри | ||
| 653 | _aромани | ||
| 852 | _aЦб 234556 | ||
| 856 | 4 |
_qpdf _u |
|
| 856 | 4 |
_qpdf _u |
|
| 942 |
_cKNG _n0 _012 |
||
| 944 |
_aCR _c25.06.2007 _k30570 _lМоника Янева |
||
| 944 |
_aED _c16.10.2017 _kВиолета_Тройчева |
||
| 999 |
_c71601 _d71601 |
||